LEADER 00808nam0-22002651i-450- 001 990001294790403321 035 $a000129479 035 $aFED01000129479 035 $a(Aleph)000129479FED01 035 $a000129479 100 $a20000920d1977----km-y0itay50------ba 101 1$aeng 200 1 $aExtreme eigenvalues of Toeplitz operators$fby HIRSCHMAN I.I. and HUGHES D.E. 210 $aBerlin [etc.]$cSpringer-Verlag$d1977 225 1 $aLecture Notes in Mathematics$v618 700 1$aHirschman,$bIsidore Isaac$047750 702 1$aHughes,$bDaniel Edward$f<1942- > 801 0$aIT$bUNINA$gRICA$2UNIMARC 901 $aBK 912 $a990001294790403321 952 $aC-20-(618$b19298$fMA1 959 $aMA1 996 $aExtreme eigenvalues of Toeplitz operators$9383775 997 $aUNINA DB $aING01 LEADER 02191nam 2200421 450 001 9910297440203321 005 20230120002535.0 010 $a0-12-803969-8 035 $a(CKB)3710000001387261 035 $a(MiAaPQ)EBC4865432 035 $a(EXLCZ)993710000001387261 100 $a20170621h20172017 uy 0 101 0 $aeng 135 $aurcnu|||||||| 181 $2rdacontent 182 $2rdamedia 183 $2rdacarrier 200 00$aVegetarian and plant-based diets in health and disease prevention /$fedited by Franc?ois Mariotti 210 1$aLondon, England :$cAcademic Press,$d2017. 210 4$dİ2017 215 $a1 online resource (889 pages) $cillustrations, tables 311 $a0-12-803968-X 320 $aIncludes bibliographical references at the end of each chapters and index. 327 $apt. 1. Setting the scene : general features associated with vegetarian diets -- pt. 2. Setting the scene ; specific dietary characteristics of vegetarian diet and their relation to health -- pt. 3. The relations between vegetarian diets and health and disease -- pt. 4. Life events -- pt. 5. Nutrients and other substances intake and status. 330 $a"Vegetarian and Plant-Based Diets in Health and Disease Prevention examines the science of vegetarian and plant-based diets and their nutritional impact on human health. This book assembles the science related to vegetarian and plant-based diets in a comprehensive, balanced, single reference that discusses both the overall benefits of plant-based diets on health and the risk of disease and issues concerning the status in certain nutrients of the individuals, while providing overall consideration to the entire spectrum of vegetarian diets" --$cBack cover. 606 $aVegetarianism$xHealth aspects 606 $aHealth promotion 615 0$aVegetarianism$xHealth aspects. 615 0$aHealth promotion. 676 $a613.262 702 $aMariotti$b Franc?ois 801 0$bMiAaPQ 801 1$bMiAaPQ 801 2$bMiAaPQ 906 $aBOOK 912 $a9910297440203321 996 $aVegetarian and plant-based diets in health and disease prevention$91916093 997 $aUNINA